000 00664nas a2200229 4500
001 BR5400273
003 BR-BrBNA
005 20231205081945.0
007 ta
008 230509b bl.|||p| |||| 00| 00por d
040 _aBR-BrBNA
_bpor
_cBiblioteca Nacional de Agricultura
041 _a(Pt)
072 _aE10
100 1 _aLacerda, C.O.
245 1 _aImigrantes: alavanca poderosa no desenvolvimento de Sao Paulo [Brasil]
650 _aIMIGRACAO
650 _aCENSO DEMOGRAFICO
650 _aSAO PAULO
773 0 _tIntercambio (Brazil)
_x
_g(May-Jun 1954), v. 2(5-6) p. 29-30
_wBR5400273
909 _a202311
_bLúcia
_c55
_dLúcia Elande
942 _2AGRIS
_n0
_cANA
999 _c88124
_d88124